000 00464nam a2200193Ia 4500
005 20240823014022.0
008 240823s9999||||xx |||||||||||||| ||und||
020 _a81-219-1381-0
041 _aENGLISH
082 _A620.112 P3
100 _aRajput R K
245 0 _aStrength of Materials
250 _a1st
260 _c2003
_bS chand New D
_aNew Delhi
500 _aYES
650 _aMaterials
_bAeronautical Engineering
942 _cBK
999 _c168892
_d168892